La enseñanza de las matemáticas en la escuela primaria : (Record no. 96673)

MARC details
000 -CABECERA
campo de control de longitud fija 00921nam a2200229 a 4500
005 - FECHA Y HORA DE LA ÚLTIMA TRANSACCIÓN
campo de control 20251028063937.0
008 - ELEMENTOS DE LONGITUD FIJA--INFORMACIÓN GENERAL
campo de control de longitud fija 030522s1995 mx r 000 0 spa d
020 ## - NÚMERO INTERNACIONAL NORMALIZADO PARA LIBROS
Número Internacional Estándar del Libro 9682976200
035 ## - NÚMERO DE CONTROL DEL SISTEMA
Número de control de sistema UPN01000124494
049 ## - COLECCIÓN
Colección LTG
050 #4 - SIGNATURA TOPOGRÁFICA DE LA BIBLIOTECA DEL CONGRESO
Número de clasificación LB2002 A1.46
Número de documento/Ítem E5.7 LL
245 03 - MENCIÓN DE TÍTULO
Título La enseñanza de las matemáticas en la escuela primaria :
Resto del título lecturas /
Mención de responsabilidad, etc. Hugo Balbuena Corro ... [et al.] ; coord. David Block Sevilla.
260 ## - PUBLICACIÓN, DISTRIBUCIÓN, ETC.
Lugar de publicación, distribución, etc. México :
Nombre del editor, distribuidor, etc. SEP, Comisión Nacional de los Libros de Texto Gratuitos,
Fecha de publicación, distribución, etc. c1995.
300 ## - DESCRIPCIÓN FÍSICA
Extensión 191 p. :
Otras características físicas il.
440 #0 - MENCIÓN DE SERIE/ASIENTO SECUNDARIO--TÍTULO
Título Programa Nacional de Actualización Permanente
650 #4 - ASIENTO SECUNDARIO DE MATERIA - TERMINO TEMATICO
Término de materia o nombre geográfico como elemento de entrada Maestros en servicio, Formación de
9 (RLIN) 390
650 #4 - ASIENTO SECUNDARIO DE MATERIA - TERMINO TEMATICO
Término de materia o nombre geográfico como elemento de entrada Matemáticas
Subdivisión general Estudio y enseñanza (Elemental)
9 (RLIN) 2809
700 1# - ASIENTO SECUNDARIO--NOMBRE DE PERSONAL
Nombre de persona Balbuena Corro, Hugo
Término indicativo de función/relación coaut.
9 (RLIN) 32623
700 1# - ASIENTO SECUNDARIO--NOMBRE DE PERSONAL
Nombre de persona Block Sevilla, David
Término indicativo de función/relación coord.
9 (RLIN) 32624
710 1# - ASIENTO SECUNDARIO - NOMBRE CORPORATIVO
Nombre de entidad corporativa o nombre de jurisdicción como elemento de entrada México.
Unidad subordinada Subsecretaría de Educación Básica y Normal
9 (RLIN) 27954
905 ## - TIPO DE MATERIAL
Tipo de material Libro
Holdings
Estado de retiro Estado de pérdida Fuente del sistema de clasificación o colocación Estado dañado No para préstamo Código de colección Localización permanente Ubicación/localización actual Ubicación en estantería Fecha de adquisición Clasificación Código de barras Fecha visto por última vez Número de copia Tipo de ítem Koha Enumeración/cronología de publicación seriada Total de préstamos
    Library of Congress Classification   Disponible (Préstamo en sala) Libros de texto gratuitos Bib. Gregorio Torres Quintero Bib. Gregorio Torres Quintero Colecciones especiales Planta alta 03/05/2023 LB2002 A1.46 E5.7 LL 219016 31/12/2020 1 Libro    
    Library of Congress Classification   Disponible (Préstamo en sala) Colección SEP Bib. Gregorio Torres Quintero Bib. Gregorio Torres Quintero Colecciones especiales Planta alta 09/05/2023 LB1589 M6 E57 LM v.3 157544 31/12/2020 1 Libro correg. clas.  
    Library of Congress Classification   Disponible (Préstamo en sala) Libros de texto gratuitos Bib. Gregorio Torres Quintero Bib. Gregorio Torres Quintero Colecciones especiales Planta alta 03/05/2023 LB2002 A1.46 E5.7 LL 311979 31/12/2020 1 Libro    
    Library of Congress Classification   Extraviado Colección SEP Bib. Gregorio Torres Quintero Bib. Gregorio Torres Quintero Colección SEP 09/05/2023 LB1589 M6 E57 LM v.3 157545 31/12/2020 1 Libro correg. clas.  
    Library of Congress Classification   Coleccion LTG Libros de texto gratuitos Bib. Gregorio Torres Quintero Bib. Gregorio Torres Quintero Libros de Texto Gratuito   LB2002 A1.46 E5.7 LL 157549 31/12/2020 1 Libro    
    Library of Congress Classification   Coleccion LTG Libros de texto gratuitos Bib. Gregorio Torres Quintero Bib. Gregorio Torres Quintero Libros de Texto Gratuito   LB2002 A1.46 E5.7 LL 157548 31/12/2020 1 Libro